| 000 | 00447ncm a2200157 a 4500 | ||
|---|---|---|---|
| 020 | _a(hb) | ||
| 082 |
_a355.2095492 _bBRI |
||
| 100 | 1 |
_aK.G.V. _949849 |
|
| 245 | 1 | _aBrief History of the K.G.V;S own Bengal sappers and miners | |
| 260 |
_aOxford: _bClarendon Press, _c1940 |
||
| 300 | _a256p. | ||
| 526 |
_a0 _b0 _c0 _d355_209549200000000_BRI |
||
| 526 |
_a0 _b0 _c0 _d355_209549200000000_BRI |
||
| 650 |
_aIndia -- History _96814 |
||
| 942 |
_2ddc _cBK |
||
| 999 |
_c552596 _d552596 |
||